[Event "Lille Luce op 7th"]
[Site "Lille"]
[Date "2016.04.10"]
[Round "2"]
[White "Djellouli, Hassine"]
[Black "Wolfangel, Claude"]
[Result "0-1"]
[WhiteElo "1950"]
[BlackElo "1679"]
[PlyCount "96"]
[EventDate "2016.04.09"]
[EventType "swiss"]
[EventRounds "7"]
[EventCountry "FRA"]
[SourceTitle "CBM 171 Extra"]
[Source "ChessBase"]
[SourceDate "2016.04.26"]
[SourceVersion "1"]
[SourceVersionDate "2016.04.26"]
[SourceQuality "1"]

1. Nf3 Nf6 2. c4 c5 3. d4 cxd4 4. Nxd4 Nc6 5. Nc3 g6 6. e4 Nxd4 7. Qxd4 Bg7 8. Be3 0-0 9. Qd2 d6 10. f3 Be6 11. Rc1 Qa5 12. Be2 Rfc8 13. b3 Nd7 14. 0-0 Qh5 15. f4 Bg4 16. Bxg4 Qxg4 17. Nd5 Kf8 18. Rcd1 Nc5 19. Nxe7 Rd8 20. Nd5 Nxe4 21. Qc2 Nf6 22. Nxf6 Bxf6 23. Qd3 Qe6 24. Rfe1 Qc8 25. Bd4 Bxd4+ 26. Qxd4 Qc5 27. b4 Qxd4+ 28. Rxd4 Rac8 29. a4 b6 30. g4 Re8 31. Rxe8+ Rxe8 32. Kf2 Re6 33. b5 Ke7 34. Kf3 Kd7 35. Re4 f5 36. Rxe6 fxg4+ 37. Kxg4 Kxe6 38. Kg5 d5 39. cxd5+ Kxd5 40. h4 Ke4 41. Kh6 Kxf4 42. Kxh7 g5 43. hxg5 Kxg5 44. Kg7 Kf5 45. Kf7 Ke5 46. Ke7 Kd5 47. Kd7 Kc5 48. Kc7 Kb4 0-1

[Event "FRA-ch op-C"]
[Site "Pau"]
[Date "2008.08.13"]
[Round "2"]
[White "Vernay, Gaspard"]
[Black "Wolfangel, Claude"]
[Result "1/2-1/2"]
[WhiteElo "1710"]
[BlackElo "1780"]
[PlyCount "139"]
[EventDate "2008.08.11"]
[EventType "swiss"]
[EventRounds "9"]
[EventCountry "FRA"]
[SourceTitle "CBM 126 Extra"]
[Source "ChessBase"]
[SourceDate "2008.11.05"]
[SourceVersion "1"]
[SourceVersionDate "2008.11.05"]
[SourceQuality "1"]

1. d4 d5 2. c4 e6 3. cxd5 exd5 4. Nc3 Nf6 5. Bg5 Be7 6. e3 Nbd7 7. Bd3 0-0 8. Nge2 Re8 9. 0-0 c5 10. Rc1 a6 11. a4 b6 12. Bb1 Bb7 13. Qc2 Nf8 14. Ba2 Rc8 15. dxc5 bxc5 16. Qb3 Rb8 17. Bf4 Bd6 18. Qd1 Bxf4 19. Nxf4 d4 20. exd4 cxd4 21. Nce2 d3 22. Nxd3 Be4 23. Rc3 Qe7 24. Nec1 Red8 25. Qe2 Qb7 26. f3 Bd5 27. Kh1 Ne6 28. Bxd5 Qxd5 29. Ne5 Qd2 30. Nc6 Qxe2 31. Nxe2 Nd5 32. Rd3 Nc5 33. Rxd5 Rxd5 34. Nxb8 Rd2 35. Ng3 Rxb2 36. Nc6 Nxa4 37. h3 g6 38. Ra1 Nc5 39. Ne4 Nxe4 40. fxe4 Re2 41. Rxa6 Rxe4 42. Ra7 Re1+ 43. Kh2 Rf1 44. Nd8 Rf2 45. Ra8 Kg7 46. Kg3 Rf1 47. Ra4 Rd1 48. Nc6 Rd6 49. Ne5 Re6 50. Nf3 Re7 51. h4 h5 52. Kf4 Re2 53. g4 hxg4 54. Kxg4 Re7 55. Ra5 Rb7 56. Rg5 Kh6 57. Rc5 Rb4+ 58. Kg3 Rb7 59. Kf4 Re7 60. Re5 Ra7 61. Ke4 Ra4+ 62. Kd5 Ra3 63. Ke4 Ra4+ 64. Nd4 f5+ 65. Ke3 f4+ 66. Kd3 Ra3+ 67. Ke4 Ra4 68. Re8 Kg7 69. Ke5 Kf7 70. Re6 1/2-1/2

[Event "Le Touquet op 22nd B"]
[Site "Le Touquet"]
[Date "2007.10.31"]
[Round "7.16"]
[White "Wolfangel, Claude"]
[Black "Revillon, Yves"]
[Result "1/2-1/2"]
[WhiteElo "1794"]
[BlackElo "1650"]
[PlyCount "82"]
[EventDate "2007.10.27"]
[EventType "swiss"]
[EventRounds "9"]
[EventCountry "FRA"]
[SourceTitle "EXT 2024"]
[Source "ChessBase"]
[SourceDate "2023.10.10"]
[SourceVersion "1"]
[SourceVersionDate "2023.10.10"]
[SourceQuality "1"]

1. d4 d5 2. c4 c6 3. cxd5 cxd5 4. Nf3 Nf6 5. Nc3 e6 6. Bg5 Be7 7. Qc2 Nc6 8. e3 0-0 9. a3 h6 10. Bxf6 Bxf6 11. Bd3 e5 12. dxe5 Nxe5 13. Nxe5 Bxe5 14. Rd1 Qa5 15. 0-0 Bxc3 16. Qxc3 Qxc3 17. bxc3 Be6 18. Rb1 Rfc8 19. Rfc1 Rc7 20. e4 Rac8 21. exd5 Bxd5 22. Bf5 Be6 23. Bxe6 fxe6 24. Rb3 b5 25. g3 Rc5 26. a4 bxa4 27. Ra3 Rc4 28. Rca1 Rxc3 29. Rxa4 Rc1+ 30. Kg2 Rxa1 31. Rxa1 Rc7 32. Ra6 Kf7 33. g4 Ke7 34. h4 Kf7 35. Kg3 g5 36. hxg5 hxg5 37. Ra5 Kf6 38. Ra6 Rb7 39. f3 Rc7 40. Kg2 Rc2+ 41. Kg3 Rc7 1/2-1/2

[Event "La Fere op 6th"]
[Site "La Fere"]
[Date "2007.07.07"]
[Round "1"]
[White "Wolfangel, Claude"]
[Black "Rigolot, Lucie"]
[Result "1/2-1/2"]
[WhiteElo "1820"]
[BlackElo "1677"]
[PlyCount "104"]
[EventDate "2007.07.07"]
[EventType "swiss"]
[EventRounds "9"]
[EventCountry "FRA"]
[SourceTitle "CBM 119 Extra"]
[Source "ChessBase"]
[SourceDate "2007.09.04"]
[SourceVersion "1"]
[SourceVersionDate "2007.09.04"]
[SourceQuality "1"]

1. d4 Nf6 2. c4 e5 3. e3 exd4 4. exd4 Bb4+ 5. Bd2 Bxd2+ 6. Qxd2 0-0 7. Nc3 d5 8. cxd5 Nxd5 9. Bc4 Be6 10. Bd3 Re8 11. Nge2 a6 12. 0-0 Nc6 13. a3 Nf6 14. b4 Kh8 15. Be4 Nxe4 16. Nxe4 Bc4 17. N4g3 Qd7 18. Rfc1 b5 19. Rc3 Rad8 20. Re3 Re6 21. Ne4 Qe7 22. Nc5 Rxe3 23. fxe3 Bxe2 24. Qxe2 Nxd4 25. Qf2 Ne6 26. Nxa6 Ra8 27. Nc5 Nxc5 28. bxc5 Qxc5 29. Qxf7 Qxe3+ 30. Qf2 Qxf2+ 31. Kxf2 Kg8 32. Rc1 Rxa3 33. Rxc7 Ra2+ 34. Kf3 b4 35. Rb7 Rb2 36. h3 b3 37. Kg3 Kf8 38. Kh2 h6 39. Kg3 g5 40. Rh7 Rc2 41. Rxh6 b2 42. Rb6 Ke7 43. h4 gxh4+ 44. Kxh4 Rxg2 45. Kh3 Rc2 46. Kg3 Kd7 47. Kf3 Kc7 48. Rb4 Kc6 49. Ke3 Kc5 50. Kd3 Kxb4 51. Kxc2 Ka3 52. Kb1 Kb3 1/2-1/2

[Event "Salon de Provence op 1st"]
[Site "Salon de Provence"]
[Date "2006.04.26"]
[Round "4"]
[White "Busson, Benoist"]
[Black "Wolfangel, Claude"]
[Result "1-0"]
[WhiteElo "2086"]
[BlackElo "1852"]
[PlyCount "99"]
[EventDate "2006.04.24"]
[EventType "swiss"]
[EventRounds "7"]
[EventCountry "FRA"]
[SourceTitle "CBM 112 Extra"]
[Source "ChessBase"]
[SourceDate "2006.07.14"]
[SourceVersion "1"]
[SourceVersionDate "2006.07.14"]
[SourceQuality "1"]

1. e4 d5 2. d4 c5 3. Nc3 dxe4 4. d5 Nf6 5. Bg5 Bg4 6. f3 exf3 7. Nxf3 a6 8. a4 e5 9. Qe2 Nbd7 10. Ne4 Qa5+ 11. Bd2 Qb6 12. a5 Bxf3 13. Qxf3 Qxb2 14. Bc3 Qxc2 15. Bd3 Qb3 16. 0-0 Qxd5 17. Rad1 Qc6 18. Qe2 Be7 19. Nxf6+ Bxf6 20. Bf5 0-0-0 21. Be4 Qc7 22. Rb1 b5 23. axb6 Nxb6 24. Qxa6+ Kd7 25. Rxb6 Ke8 26. Qb5+ Kf8 27. Ba5 Qe7 28. Rbxf6 gxf6 29. Bxd8 Qxd8 30. Qxc5+ Qe7 31. Qc8+ Qe8 32. Qc5+ Qe7 33. Qf2 Qd6 34. Qxf6 Qxf6 35. Rxf6 Kg7 36. Rb6 Rf8 37. Bf5 h6 38. Kf2 Re8 39. h3 Re7 40. Kg3 e4 41. Rb4 e3 42. Re4 Rxe4 43. Bxe4 Kf6 44. Kf3 Kg5 45. Kxe3 h5 46. Kf3 f5 47. h4+ Kxh4 48. Bxf5 Kg5 49. Bh3 h4 50. Ke4 1-0

[Event "Salon de Provence op 1st"]
[Site "Salon de Provence"]
[Date "2006.04.25"]
[Round "2"]
[White "Wolfangel, Claude"]
[Black "Petrossian, Armen"]
[Result "0-1"]
[WhiteElo "1852"]
[BlackElo "2316"]
[PlyCount "38"]
[EventDate "2006.04.24"]
[EventType "swiss"]
[EventRounds "7"]
[EventCountry "FRA"]
[SourceTitle "CBM 112 Extra"]
[Source "ChessBase"]
[SourceDate "2006.07.14"]
[SourceVersion "1"]
[SourceVersionDate "2006.07.14"]
[SourceQuality "1"]

1. d4 c5 2. d5 e5 3. e4 d6 4. c4 Be7 5. Nc3 Bg5 6. Bxg5 Qxg5 7. Nf3 Qe7 8. a3 Nh6 9. Be2 0-0 10. b4 Nd7 11. Nb5 a6 12. Nc3 f5 13. Nd2 b6 14. Nb3 Nf6 15. f3 fxe4 16. fxe4 Nfg4 17. Bf3 Qh4+ 18. g3 Qf6 19. Nd2 Ne3 0-1

[Event "Avoine op 20th"]
[Site "Avoine"]
[Date "2005.07.26"]
[Round "4"]
[White "Schneider, Daniel"]
[Black "Wolfangel, Claude"]
[Result "1/2-1/2"]
[WhiteElo "2056"]
[BlackElo "1879"]
[PlyCount "82"]
[EventDate "2005.07.23"]
[EventType "swiss"]
[EventRounds "9"]
[EventCountry "FRA"]
[SourceTitle "EXT 2007"]
[Source "ChessBase"]
[SourceDate "2006.11.23"]
[SourceVersion "1"]
[SourceVersionDate "2006.11.23"]
[SourceQuality "1"]

1. e4 e6 2. d4 b6 3. Nf3 Bb7 4. Bd3 c5 5. 0-0 cxd4 6. Nxd4 Nf6 7. Qe2 Be7 8. Nd2 Nc6 9. c3 Qc7 10. N2f3 Ne5 11. Nxe5 Qxe5 12. Re1 0-0 13. Nf3 Qh5 14. h3 d5 15. exd5 Bxd5 16. Ne5 Qxe2 17. Rxe2 h6 18. Bf4 Rfd8 19. c4 Bb7 20. Rd1 Ne4 21. Rc1 Nc5 22. Bb1 f6 23. Ng6 Kf7 24. Nxe7 Kxe7 25. b4 Nd3 26. Bxd3 Rxd3 27. c5 bxc5 28. Rxc5 e5 29. Rc7+ Rd7 30. Rxd7+ Kxd7 31. Be3 Bc6 32. Bc5 Bb5 33. Rd2+ Ke8 34. Rd6 a6 35. h4 h5 36. f3 Rd8 37. Rxd8+ Kxd8 38. Bf8 g6 39. Kf2 Kd7 40. Ke3 Ke6 41. g4 Bc6 1/2-1/2

[Event "Bethune op-B 24th"]
[Site "Bethune"]
[Date "2003.12.27"]
[Round "2"]
[White "Wolfangel, Claude"]
[Black "Lamerant, Henri"]
[Result "1-0"]
[WhiteElo "1780"]
[BlackElo "1610"]
[PlyCount "87"]
[EventDate "2003.12.26"]
[EventType "swiss"]
[EventRounds "9"]
[EventCountry "FRA"]
[SourceTitle "EXT 2005"]
[Source "ChessBase"]
[SourceDate "2004.11.15"]
[SourceVersion "1"]
[SourceVersionDate "2004.11.15"]
[SourceQuality "1"]

1. d4 f5 2. c4 Nf6 3. Nc3 e6 4. Nf3 Be7 5. e3 0-0 6. Bd3 c6 7. a3 d6 8. b4 b6 9. 0-0 Qe8 10. b5 Qh5 11. Be2 Qg6 12. bxc6 Nxc6 13. d5 Na5 14. Nb5 Ne4 15. Nfd4 e5 16. Ne6 Bxe6 17. dxe6 a6 18. Nc7 Nc3 19. Qd3 Nxe2+ 20. Qxe2 Rac8 21. Nd5 Rfe8 22. Rb1 Nxc4 23. Nxb6 Nxb6 24. Rxb6 a5 25. Qb5 Qxe6 26. Bd2 Kf7 27. Qxa5 Rc5 28. Qa7 Qc8 29. Bb4 Rd5 30. Rxd6 Rxd6 31. Bxd6 Ke6 32. Bb4 Bxb4 33. axb4 Re7 34. Qa2+ Kf6 35. g3 Kg6 36. b5 Qc5 37. Rb1 Rb7 38. Qe6+ Kg5 39. e4 g6 40. exf5 gxf5 41. h4+ Kg4 42. Kg2 Qc3 43. Qg8+ Kh5 44. Qg5# 1-0

[Event "Bethune op-B 24th"]
[Site "Bethune"]
[Date "2003.12.26"]
[Round "1"]
[White "Pruvost, Alain"]
[Black "Wolfangel, Claude"]
[Result "0-1"]
[WhiteElo "1590"]
[BlackElo "1780"]
[PlyCount "86"]
[EventDate "2003.12.26"]
[EventType "swiss"]
[EventRounds "9"]
[EventCountry "FRA"]
[SourceTitle "EXT 2005"]
[Source "ChessBase"]
[SourceDate "2004.11.15"]
[SourceVersion "1"]
[SourceVersionDate "2004.11.15"]
[SourceQuality "1"]

1. b4 d5 2. c4 e6 3. Qa4+ Bd7 4. b5 dxc4 5. e3 Qg5 6. Nc3 Na6 7. Qxc4 Nb4 8. Ne4 Qd5 9. Kd1 Qxc4 10. Bxc4 Be7 11. a3 Nd5 12. Bb2 Ngf6 13. Nxf6+ Nxf6 14. Nf3 a6 15. a4 axb5 16. axb5 Rxa1+ 17. Bxa1 0-0 18. Ke2 Ra8 19. Be5 Ra4 20. Bd3 Nd5 21. Ra1 Rxa1 22. Bxa1 f6 23. Bc4 Kf7 24. d4 Nb6 25. Kd3 Nc8 26. d5 Nd6 27. dxe6+ Bxe6 28. Bxe6+ Kxe6 29. Nd4+ Kd5 30. Bb2 Ne4 31. f3 Nc5+ 32. Kc3 Na4+ 33. Kc2 Nxb2 34. Kxb2 Bd6 35. g3 Be5 36. Kc3 Kc5 37. f4 Bxd4+ 38. exd4+ Kxb5 39. g4 Kc6 40. h4 Kd5 41. Kd3 b5 42. f5 b4 43. g5 b3 0-1